Southville International School and Colleges
Your cart is empty.
  • Cart
  • Lists
    Public lists Eva Luna New books Lux_list list_1
    Your lists Log in to create your own lists
  • Log in to your account
  • Your cookies
  • Search history
Southville International School and Colleges
  • Advanced search
  • Recent comments
  • Most popular
  • Libraries

Log in to your account

Log in with GOOGLE


If you do not have an external account, but do have a local account, you can still log in:

  1. Home
  2. MARC view: The world is flat :
Normal view MARC view ISBD view

The world is flat : (Record no. 1972)

[ view plain ]
MARC details
000 -LEADER
fixed length control field 01210cam a22003495a 4500
001 - CONTROL NUMBER
control field 14853624
003 - CONTROL NUMBER IDENTIFIER
control field OSt
005 - DATE AND TIME OF LATEST TRANSACTION
control field 20140310181721.0
008 - FIXED-LENGTH DATA ELEMENTS--GENERAL INFORMATION
fixed length control field 070517s2007 nyu 000 0 eng
010 ## - LIBRARY OF CONGRESS CONTROL NUMBER
LC control number 2007929112
020 ## - INTERNATIONAL STANDARD BOOK NUMBER
International Standard Book Number 9780312425074 (pbk. : alk. paper)
020 ## - INTERNATIONAL STANDARD BOOK NUMBER
International Standard Book Number 0312425074 (pbk. : alk. paper)
040 ## - CATALOGING SOURCE
Original cataloging agency DLC
Transcribing agency DLC
Modifying agency DLC
050 ## - LIBRARY OF CONGRESS CALL NUMBER
Classification number HM 846
Item number .F911 2007
082 ## - DEWEY DECIMAL CLASSIFICATION NUMBER
Classification number IB 303.48
Item number F91 2007
100 1# - MAIN ENTRY--PERSONAL NAME
Personal name Friedman, Thomas L.
245 14 - TITLE STATEMENT
Title The world is flat :
Remainder of title a brief history of the twenty-first century /
Statement of responsibility, etc Thomas L. Friedman
260 ## - PUBLICATION, DISTRIBUTION, ETC. (IMPRINT)
Place of publication, distribution, etc New York, NY :
Name of publisher, distributor, etc Picador,
Date of publication, distribution, etc 2005.
300 ## - PHYSICAL DESCRIPTION
Extent 660 p. :
Dimensions 21 cm.
562 ## - COPY AND VERSION IDENTIFICATION NOTE
Number of copies 2
650 ## - SUBJECT ADDED ENTRY--TOPICAL TERM
Topical term or geographic name as entry element Diffusion of innovations.
650 ## - SUBJECT ADDED ENTRY--TOPICAL TERM
Topical term or geographic name as entry element 2. Information society.
650 ## - SUBJECT ADDED ENTRY--TOPICAL TERM
Topical term or geographic name as entry element 3. Globalization--Economic aspects.
650 ## - SUBJECT ADDED ENTRY--TOPICAL TERM
Topical term or geographic name as entry element 4. Globalization--Social aspects.
856 42 - ELECTRONIC LOCATION AND ACCESS
Materials specified Contributor biographical information
Uniform Resource Identifier <a href="http://www.loc.gov/catdir/enhancements/fy0727/2007929112-b.html">http://www.loc.gov/catdir/enhancements/fy0727/2007929112-b.html</a>
856 42 - ELECTRONIC LOCATION AND ACCESS
Materials specified Publisher description
Uniform Resource Identifier <a href="http://www.loc.gov/catdir/enhancements/fy0727/2007929112-d.html">http://www.loc.gov/catdir/enhancements/fy0727/2007929112-d.html</a>
906 ## - LOCAL DATA ELEMENT F, LDF (RLIN)
a 0
b ibc
c orignew
d 2
e epcn
f 20
g y-gencatlg
942 ## - ADDED ENTRY ELEMENTS (KOHA)
Source of classification or shelving scheme Library of Congress Classification
Koha item type Books
Holdings
Withdrawn status Lost status Source of classification or shelving scheme Damaged status Home library Current library Shelving location Date acquired Total Checkouts Full call number Barcode Date last seen Copy number Price effective from Koha item type
    Library of Congress Classification   Luxembourg Library Luxembourg Library International Baccalaureate Section 03/06/2013   HM 846 .F74 2007 15445 08/13/2013 1 10/03/2013 Books
    Library of Congress Classification   Luxembourg Library Luxembourg Library International Baccalaureate Section 06/28/2013   HM 846 .F911 2006 14653 08/13/2013 1 06/28/2013 Books

The world is flat :

APA

Friedman T. L., . (2005). The world is flat. New York, NY: Picador.

Chicago

Friedman Thomas L, . 2005. The world is flat. New York, NY: Picador.

Harvard

Friedman T. L., . (2005). The world is flat. New York, NY: Picador.

MLA

Friedman Thomas L, . The world is flat. New York, NY: Picador. 2005.

  • Place hold
  • Print
  • Cite
  • Add to your cart (remove)
  • Save record
    BIBTEX Dublin Core MARCXML MARC (non-Unicode/MARC-8) MARC (Unicode/UTF-8) MARC (Unicode/UTF-8, Standard) MODS (XML) RIS
  • More searches
    Search for this title in:
    Other Libraries (WorldCat) Other Databases (Google Scholar) Online Stores (Bookfinder.com) Open Library (openlibrary.org)

Exporting to Dublin Core...

SOUTHVILLE LIBRARY

Southville International School and Colleges Library

1281 Tropical Ave. Cor. Luxembourg St., BF Homes International, Las Pinas City

Tel. No. 8256374 / 252358 Loc. 117/146

Powered by Koha